The jungle book / (Record no. 177315)
[ view plain ]
| 000 -LEADER | |
|---|---|
| fixed length control field | 00451nam a22001577a 4500 |
| 005 - DATE AND TIME OF LATEST TRANSACTION | |
| control field | 20210226132504.0 |
| 020 ## - INTERNATIONAL STANDARD BOOK NUMBER | |
| International Standard Book Number | 9788186261927 |
| Terms of availability | 395.00 |
| 037 ## - SOURCE OF ACQUISITION | |
| Source of stock number/acquisition | S.K. Publishers |
| 082 ## - DEWEY DECIMAL CLASSIFICATION NUMBER | |
| Classification number | S |
| 100 ## - MAIN ENTRY--PERSONAL NAME | |
| Personal name | Kipling, Rudyard |
| 245 ## - TITLE STATEMENT | |
| Title | The jungle book / |
| Statement of responsibility, etc | by Rudyard Kipling |
| 260 ## - PUBLICATION, DISTRIBUTION, ETC. (IMPRINT) | |
| Place of publication, distribution, etc | New Delhi |
| Name of publisher, distributor, etc | S.K. Publishers |
| Date of publication, distribution, etc | 2020 |
| 270 ## - ADDRESS | |
| Address | A-47, Amar Colony, Lajpat Nagar |
| City | New Delhi |
| Postal code | 110024 |
| 300 ## - PHYSICAL DESCRIPTION | |
| Extent | 159p.: |
| Dimensions | 22cm(Hb) |
| Other physical details | ill. |
| 942 ## - ADDED ENTRY ELEMENTS (KOHA) | |
| Source of classification or shelving scheme | Dewey Decimal Classification |
| Item type | Children Books |
| Call number suffix | KIP |
| Classification part | S |
No items available.
